000 00338nam a2200121Ia 4500
008 230312s9999||||xx |||||||||||||| ||und||
082 _a629.132
_bCEN-G
100 _aCengel;Yunus.a
245 0 _aGlossary to Accompany Thermodynamics :An Engineerng Approach,5th
300 _a55
650 _aAviation
_vEngineering/Technology
942 _cBK
999 _c12993
_d12993